Beste Biathleten pro Land 25/26 - Statistiken

Allgemein
  • Dieses Quiz wurde 10 mal gespielt
  • Das Durchschnittsergebnis liegt bei 15 aus 36
Antwortstatistiken
Land Biathlet % Korrekt
Hanna Öberg
88%
Deutschland Philipp Nawrath
88%
Frankreich Éric Perrot
75%
Lisa Theresa Hauser
75%
Lisa Vittozzi
75%
Lou Jeanmonnot
75%
Schweden Sebastian Samuelsson
75%
Österreich Simon Eder
75%
Norwegen Sturla Holm Laegreid
75%
Vanessa Voigt
75%
Suvi Minkkinen
63%
Italien Tommaso Giacomel
63%
Amy Baserga
50%
Vereinigte Staaten Campbell Wright
50%
Lora Hristova
50%
Maren Kirkeeide
50%
Lettland Andrejs Rastorgujevs
38%
Deedra Irwin
25%
Maya Cloetens
25%
Natalia Sidorowicz
25%
Polona Klemencic
25%
Tereza Vobornikova
25%
Finnland Tero Seppala
25%
Ukraine Vitalii Mandzyn
25%
Tschechien Vitezslav Hornig
25%
Slowenien Anton Vidmar
13%
Estere Volfa
13%
Slowakei Jakub Borgula
13%
Polen Jan Gunka
13%
Schweiz Joscha Burkhalter
13%
Khrystyna Dmytrenko
13%
Estland Kristo Siimer
13%
Paulina Batovska Fialkova
13%
Regina Ermits
13%
Belgien Thierry Langer
13%
Bulgarien Vladimir Iliev
13%
Keine übereinstimmenden Quizze gefunden
Verteilung der Resultate
Anzahl Personen mit jedem Resultat
Perzentil nach korrekt beantworteten Fragen
Ihre Resultats-Entwicklung
Sie haben dieses Quiz noch nicht gespielt